MARC details
| 000 -CABECERA |
| campo de control de longitud fija |
02871cam a2200325 i 4500 |
| 001 - NÚMERO DE CONTROL |
| campo de control |
19224868 |
| 005 - FECHA Y HORA DE LA ÚLTIMA TRANSACCIÓN |
| campo de control |
20250616110839.0 |
| 008 - DATOS DE LONGITUD FIJA--INFORMACIÓN GENERAL |
| campo de control de longitud fija |
160810s2017 caua b 001 0 eng c |
| 010 ## - NÚMERO DE CONTROL DE LA BIBLIOTECA DEL CONGRESO |
| Número de control de LC |
2016036938 |
| 020 ## - NÚMERO INTERNACIONAL ESTÁNDAR DEL LIBRO |
| Número Internacional Estándar del Libro |
9780804797344 (cloth : alk. paper) |
| 040 ## - FUENTE DE LA CATALOGACIÓN |
| Centro catalogador/agencia de origen |
CSt/DLC |
| Lengua de catalogación |
eng |
| Centro/agencia transcriptor |
CSt |
| Normas de descripción |
rda |
| Centro/agencia modificador |
DLC |
| 041 ## - CÓDIGO DE LENGUA |
| Código de lengua del texto/banda sonora o título independiente |
eng |
| 042 ## - CÃDIGO DE AUTENTICACIÃN |
| Código de autenticación |
pcc |
| 043 ## - CÓDIGO DE ÁREA GEOGRÁFICA |
| Código de área geográfica |
a-ii--- |
| -- |
a-bg--- |
| 050 00 - SIGNATURA TOPOGRÁFICA DE LA BIBLIOTECA DEL CONGRESO |
| Número de clasificación |
HD60 |
| Número de documento/Ítem |
.S436 2017 |
| 100 ## - ENTRADA PRINCIPAL--NOMBRE DE PERSONA |
| Nombre de persona |
Seelos, Christian, |
| Término indicativo de función/relación |
author. |
| 9 (RLIN) |
24886 |
| 245 10 - MENCIÓN DE TÍTULO |
| Título |
Innovation and scaling for impact |
| Resto del título |
: how effective social enterprises do it |
| Mención de responsabilidad, etc. |
/ Christian Seelos and Johanna Mair. |
| 264 #1 - PRODUCCIÓN, PUBLICACIÓN, DISTRIBUCIÓN, FABRICACIÓN Y COPYRIGHT |
| Producción, publicación, distribución, fabricación y copyright |
Stanford, California : |
| Nombre del de productor, editor, distribuidor, fabricante |
Stanford Business Books, an imprint of Stanford University Press, |
| Fecha de producción, publicación, distribución, fabricación o copyright |
[2017] |
| 300 ## - DESCRIPCIÓN FÍSICA |
| Extensión |
viii, 246 pages : |
| Otras características físicas |
illustrations ; |
| Dimensiones |
24 cm |
| 504 ## - NOTA DE BIBLIOGRAFÍA, ETC. |
| Nota de bibliografía, etc. |
Includes bibliographical references and index. |
| 505 ## - NOTA DE CONTENIDO CON FORMATO |
| Nota de contenido con formato |
Social Enterprises Require a Distinctive Perspective on Innovation and Scaling<br/>— Of Red and Green Zones: How Innovation and Scaling Create Impact<br/>— Mapping Innovation Pathologies<br/>— Innovation as Learning: The Story of Gram Vikas (India)<br/>— Innovation in Support of Scaling: The Story of Aravind (India)<br/>— Innovating and Scaling for Transformative Impact: The Story of BRAC (Bangladesh)<br/>— Innovation that Enables Diffusion of Proven Ideas: The Story of Waste Concern (Bangladesh)<br/>— Innovation Archetypes: Balancing Innovation and Scaling over Time<br/>— Mapping Problem Spaces<br/>Conclusion — A Guide to Productive Innovation and Scaling for Impact |
| 520 ## - SUMARIO, ETC. |
| Sumario, etc. |
Innovation and Scaling for Impact forces us to reassess how social sector organizations create value. Drawing on a decade of research, Christian Seelos and Johanna Mair transcend widely held misconceptions, getting to the core of what a sound impact strategy entails in the nonprofit world. They reveal an overlooked nexus between investments that might not pan out (innovation) and expansion based on existing strengths (scaling). In the process, it becomes clear that managing this tension is a difficult balancing act that fundamentally defines an organization and its impact.<br/><br/>The authors examine innovation pathologies that can derail organizations by thwarting their efforts to juggle these imperatives. Then, through four rich case studies, they detail innovation archetypes that effectively sidestep these pathologies and blend innovation with scaling. Readers will come away with conceptual models to drive progress in the social sector and tools for defining the future of their organizations. |
| 650 #0 - PUNTO DE ACCESO ADICIONAL DE MATERIA--TÉRMINO DE MATERIA |
| Término de materia o nombre geográfico como elemento de entrada |
Social entrepreneurship. |
| 9 (RLIN) |
24887 |
| 650 #0 - PUNTO DE ACCESO ADICIONAL DE MATERIA--TÉRMINO DE MATERIA |
| Término de materia o nombre geográfico como elemento de entrada |
Social responsibility of business |
| 9 (RLIN) |
2683 |
| 650 #0 - PUNTO DE ACCESO ADICIONAL DE MATERIA--TÉRMINO DE MATERIA |
| Término de materia o nombre geográfico como elemento de entrada |
Nonprofit organizations |
| Subdivisión general |
Management. |
| 9 (RLIN) |
11652 |
| 650 #0 - PUNTO DE ACCESO ADICIONAL DE MATERIA--TÉRMINO DE MATERIA |
| Término de materia o nombre geográfico como elemento de entrada |
Social entrepreneurship. |
| Subdivisión geográfica |
India |
| Subdivisión de forma |
Case studies. |
| 650 #0 - PUNTO DE ACCESO ADICIONAL DE MATERIA--TÉRMINO DE MATERIA |
| Término de materia o nombre geográfico como elemento de entrada |
Social entrepreneurship. |
| Subdivisión geográfica |
Bangladesh |
| Subdivisión de forma |
Case studies. |
| 700 ## - ENTRADA AGREGADA--NOMBRE PERSONAL |
| Nombre de persona |
Mair, Johanna, |
| Fechas asociadas al nombre |
1967- |
| Término indicativo de función/relación |
author. |
| 942 ## - ELEMENTOS DE ENTRADA AGREGADA (KOHA) |
| Fuente del sistema de clasificación o colocación |
Clasificación de Library of Congress |